| 000 | 00901cam a22002533a 4500 | ||
|---|---|---|---|
| 001 | 14701 | ||
| 003 | PGUSA | ||
| 005 | 20140828083320.0 | ||
| 008 | 050116s2005||||xxu|||||s|||||000 | eng d | ||
| 040 |
_aPGUSA _beng |
||
| 042 | _adc | ||
| 050 | 4 | _aQL | |
| 100 | 1 |
_aSharp, Dallas Lore, _d1870-1929 |
|
| 245 | 1 | 0 |
_aRoof and Meadow _h[electronic resource] / _cDallas Lore Sharp |
| 260 |
_bProject Gutenberg, _c2005 |
||
| 505 | 0 | _aBirds from a city roof -- The hunting of the woodchuck -- Three sermons -- The marsh -- Calico and the kittens -- The sparrow roost -- "Mux" -- Racoon Creek -- The dragon of the swale. | |
| 506 | _aPublic domain in the USA. | ||
| 516 | _aElectronic text | ||
| 653 | _aBirds -- Juvenile literature | ||
| 700 | 1 |
_aHorsfall, R. Bruce _q(Robert Bruce), _d1869-1948 |
|
| 830 | 0 |
_aProject Gutenberg _v14701 |
|
| 856 | 4 | 0 | _uhttp://www.gutenberg.org/ebooks/14701 |
| 942 | _cEB | ||
| 999 |
_c243956 _d243956 |
||